000 00413nam a22001457a 4500
005 20180807124638.0
020 _c450.00
035 _aB-106960, B-106962
037 _aDPL
_bENG
100 _aSingh, Balwant
245 _aThe suffering people /
_cby Balwant Singh
260 _aSaharanpur
_bAmbedkar Mission Publications
_c2002
300 _aiii, 349p.
_c22 cms.
942 _2ddc
_cEN
_h305.56
_mBAL
999 _c65059
_d65059